000 00316nam a22001337a 4500
008 170706b xxu||||| |||| 00| 0 eng d
020 _a9780060973100
041 _aeng
080 _a82
100 _a22
101 _aGJL
245 _aTHE MEXICANS A PERSONAL POTRAIT OF A PEOPLE
_cOSTER.P
942 _2udc
_cBK
999 _c19988
_d19988